00355nam a22000977a 4500008004100000082001600041100002400057245014600081260002100227300000900248230612b xxu||||| |||| 00| 0 eng d a354.62bGOK cGovernment of Kenya aTreasury Memorandum on Public Accounts Committee Reports For the years 2004-2006bOffice of the Deputy Prime Minister and Ministry of Finance aKenyabGOKc2006 a293p